[Event "32nd WCh U20 Girls"]
[Site "Pune IND"]
[Date "2014.10.06"]
[Round "1.31"]
[White "Srija, Seshadri"]
[Black "Mahasweta, Kumar"]
[Result "0-1"]
[WhiteElo "2099"]
[BlackElo "1847"]
[EventDate "2014.10.06"]
[PlyCount "112"]

1.e4 d5 2.exd5 Qxd5 3.Nc3 Qa5 4.d4 Nf6 5.Nf3 Bf5 6.Bc4 e6 7.O-O c6 8.Bf4 
Nbd7 9.a3 Be7 10.b4 Qd8 11.b5 Rc8 12.Bb3 cxb5 13.Nxb5 Qb6 14.c4 a6 15.Nc3 
h6 16.Re1 O-O 17.Na4 Qa7 18.d5 Nc5 19.Be3 Rfd8 20.Nd4 b5 21.cxb5 axb5 22.
Nc3 Qb7 23.Ba2 Nd3 24.Nxf5 Rxc3 25.Nxe7+ Qxe7 26.Bd4 Rxa3 27.Re3 Rda8 28.
d6 Qxd6 29.Rxd3 Rxd3 30.Qxd3 Rd8 31.Rd1 e5 32.Qb3 exd4 33.Qxf7+ Kh8 34.Rd3
Re8 35.g3 Qe5 36.Ra3 Qe1+ 37.Kg2 Qe4+ 38.Kh3 Re5 39.Qf8+ Kh7 40.Bf7 Qg4+ 
41.Kg2 Qe4+ 42.Kh3 Re7 43.Ba2 Re8 44.Qf7 Re5 45.Rb3 d3 46.Bb1 Ng4 47.f3 
Nf2+ 48.Kg2 Qe2 49.h4 Ne4+ 50.Kh3 Qf1+ 51.Kg4 Nc5 52.Rb4 h5+ 53.Kf4 Qe1 
54.g4 Ne6+ 55.Qxe6 Rxe6 56.Rxb5 Rf6+ 0-1

[Event "32nd WCh U20 Girls"]
[Site "Pune IND"]
[Date "2014.10.06"]
[Round "1.32"]
[White "Chitlange, Sakshi"]
[Black "Michelle Catherina"]
[Result "1/2-1/2"]
[WhiteElo "1827"]
[BlackElo "2114"]
[EventDate "2014.10.06"]
[PlyCount "133"]

1.d4 Nf6 2.c4 e6 3.Nf3 d5 4.Nc3 Bb4 5.Bd2 O-O 6.e3 c5 7.cxd5 exd5 8.a3 
cxd4 9.axb4 dxc3 10.Bxc3 Ne4 11.Be2 Nxc3 12.bxc3 Qc7 13.Ra3 Rd8 14.Qd3 Nc6
15.O-O Bg4 16.Rfa1 Bxf3 17.Bxf3 Ne5 18.Qd1 Nxf3+ 19.Qxf3 a6 20.Rd1 Qc6 21.
Rd4 h6 22.Qd1 Qg6 23.h3 Qg5 24.Qd3 Rac8 25.Ra5 Qf6 26.Raxd5 Rxd5 27.Rxd5 
g6 28.Rd4 b5 29.Qd2 Kg7 30.Rd3 Rc4 31.Rd4 Rc8 32.Qb2 Kg8 33.Qb3 Qc6 34.Rd3
Kg7 35.Qa2 Rc7 36.Qd2 Qc4 37.Kh1 Rc6 38.Kg1 Rc7 39.Kh2 Rc6 40.Kh1 Rc7 41.
Kg1 Rc6 42.f3 h5 43.e4 Qe6 44.Rd5 Kh7 45.Qd3 Rc4 46.Rd4 Rc6 47.Qd2 Qb3 48.
Rd3 Qb1+ 49.Kh2 Qb3 50.Qf4 Qe6 51.e5 Rc4 52.Qe3 Rc6 53.f4 Kg7 54.Rd8 Qe7 
55.Qd4 Rc4 56.Qd6 Qxd6 57.exd6 Rxc3 58.Ra8 Rd3 59.Rxa6 Kf6 60.Rb6 Rd5 61.
Kg3 Ke6 62.Kf3 h4 63.Kg4 Rf5 64.Rc6 Kd7 65.Rb6 Ke6 66.Rc6 Kd7 67.Rb6 
1/2-1/2

[Event "32nd WCh U20 Girls"]
[Site "Pune IND"]
[Date "2014.10.06"]
[Round "1.33"]
[White "Gagare, Shalmali"]
[Black "Bidhar, Rutumbara"]
[Result "1/2-1/2"]
[WhiteElo "2088"]
[BlackElo "1780"]
[EventDate "2014.10.06"]
[PlyCount "104"]

1.c4 e5 2.g3 Nf6 3.Bg2 d5 4.cxd5 Nxd5 5.Nc3 Nf6 6.Nf3 Bd6 7.O-O c6 8.d3 
O-O 9.Qc2 Na6 10.a3 Nc7 11.Rd1 h6 12.d4 exd4 13.Nxd4 Qe7 14.b4 Rd8 15.Bb2 
c5 16.bxc5 Bxc5 17.Na4 Bxd4 18.Bxd4 Ne6 19.Bc3 Ng5 20.Rxd8+ Qxd8 21.Rd1 
Qe7 22.Bb4 Qe8 23.Nc5 Rb8 24.Bc3 Qe7 25.Bxf6 Qxf6 26.Nxb7 Bxb7 27.Qc7 Re8 
28.Qxb7 Rxe2 29.Qxa7 Nf3+ 30.Bxf3 Qxf3 31.a4 Qe4 32.a5 Re1+ 33.Rxe1 Qxe1+ 
34.Kg2 Qe4+ 35.f3 Qe2+ 36.Qf2 Qa6 37.Qd2 g5 38.Qb2 Qxa5 39.Qf6 Qa2+ 40.Kh3
Kh7 41.Kg4 Qc4+ 42.Kh5 Qe6 43.Qxe6 fxe6 44.h4 gxh4 45.Kxh4 Kg6 46.Kg4 e5 
47.Kh4 h5 48.g4 hxg4 49.Kxg4 Kf6 50.Kg3 Kg5 51.Kf2 Kf4 52.Ke2 e4 1/2-1/2

[Event "32nd WCh U20 Girls"]
[Site "Pune IND"]
[Date "2014.10.06"]
[Round "1.34"]
[White "Salonika, Saina"]
[Black "Mahalakshmi, Muganda Kumar"]
[Result "0-1"]
[WhiteElo "1737"]
[BlackElo "1997"]
[EventDate "2014.10.06"]
[PlyCount "73"]

1.e4 c6 2.d4 d5 3.Nc3 dxe4 4.Nxe4 Bf5 5.Ng3 Bg6 6.h4 h6 7.Nf3 Nd7 8.h5 Bh7
9.Bd3 Bxd3 10.Qxd3 e6 11.Bd2 Qc7 12.O-O-O Ngf6 13.Ne4 O-O-O 14.g3 Nxe4 15.
Qxe4 Nf6 16.Qe2 Bd6 17.c4 c5 18.Bc3 cxd4 19.Nxd4 a6 20.Kb1 Rd7 21.Nb3 Qc6 
22.Rhe1 Rhd8 23.f4 Bc7 24.Rxd7 Qxd7 25.Nd4 Bb6 26.Rd1 Qc7 27.Rd2 Qc5 28.g4
Bc7 29.b4 Nd5 30.Kb2 Nxc3 31.Kxc3 Qd6 32.f5 Qf4 33.Qf3 Rxd4 34.Qxf4 Rxf4 
35.fxe6 fxe6 36.Re2 Kd7 37.Re3 0-1

[Event "32nd WCh U20 Girls"]
[Site "Pune IND"]
[Date "2014.10.06"]
[Round "1.35"]
[White "Pratyusha, Bodda"]
[Black "Hilmi, Parveen"]
[Result "1-0"]
[WhiteElo "2078"]
[BlackElo "1757"]
[EventDate "2014.10.06"]
[PlyCount "107"]

1.d4 d5 2.c4 c6 3.Nc3 Nf6 4.e3 Bf5 5.Qb3 b6 6.cxd5 Nxd5 7.Nf3 Nf6 8.Bd2 e6
9.Rc1 Bd6 10.Be2 O-O 11.O-O Ne4 12.Nxe4 Bxe4 13.Bb4 Qe7 14.Bxd6 Qxd6 15.
Nd2 Bf5 16.Bf3 Rc8 17.Rc3 Qd7 18.Nc4 f6 19.Qa3 Qd8 20.Rfc1 Rc7 21.Nxb6 
axb6 22.Qxa8 Rc8 23.Qa3 Qd7 24.Qb3 Qb7 25.g4 Bg6 26.Qxe6+ Bf7 27.Qd6 Be8 
28.Bd5+ Bf7 29.Bxc6 Nxc6 30.Rxc6 Ra8 31.Rc7 Qe4 32.Qd7 Rf8 33.Rc8 Be8 34.
Qf5 Qe7 35.d5 Bd7 36.Rxf8+ Kxf8 37.Rc7 Bxf5 38.Rxe7 Kxe7 39.gxf5 Kd6 40.e4
Ke5 41.a4 Kd6 42.b4 g6 43.fxg6 hxg6 44.a5 bxa5 45.bxa5 f5 46.exf5 gxf5 47.
a6 Kc7 48.d6+ Kxd6 49.a7 f4 50.a8=Q Ke5 51.Qc6 Kf5 52.Kg2 Ke5 53.Kf3 Kf5 
54.Qd6 1-0

[Event "32nd WCh U20 Girls"]
[Site "Pune IND"]
[Date "2014.10.06"]
[Round "1.36"]
[White "Lalaoui, Feriel"]
[Black "Imeeva, Aysa"]
[Result "0-1"]
[WhiteElo "1739"]
[BlackElo "2077"]
[EventDate "2014.10.06"]
[PlyCount "58"]

1.e4 e5 2.Nf3 Nc6 3.Bc4 Bc5 4.c3 Nf6 5.d4 exd4 6.cxd4 Bb4+ 7.Bd2 Bxd2+ 8.
Nbxd2 d5 9.exd5 Nxd5 10.Qb3 Nce7 11.O-O O-O 12.Rfe1 c6 13.Ne4 h6 14.Nc5 b6
15.Ne4 Be6 16.a4 Nf5 17.g3 Qc7 18.Nc3 Rad8 19.Rac1 Qb7 20.Re5 Nc7 21.Bxe6 
fxe6 22.Ne2 Rf6 23.Qc3 Ne7 24.Re1 Ned5 25.Qb3 Rdf8 26.Nd2 Rxf2 27.Nc4 c5 
28.Nd6 Ne3 29.Nxb7 Rf1+ 0-1

[Event "32nd WCh U20 Girls"]
[Site "Pune IND"]
[Date "2014.10.06"]
[Round "1.37"]
[White "Monnisha, Gajendra Babu Kannaiyan"]
[Black "Potluri, Supreetha"]
[Result "1-0"]
[WhiteElo "2016"]
[BlackElo "1738"]
[EventDate "2014.10.06"]
[PlyCount "79"]

1.e4 c5 2.Nf3 e6 3.d4 cxd4 4.Nxd4 Nc6 5.Nb5 d6 6.c4 Nf6 7.N1c3 a6 8.Na3 
Be7 9.Be2 O-O 10.Be3 b6 11.O-O Bb7 12.f3 Rc8 13.Qd2 Qc7 14.Rac1 Rfd8 15.
Rfd1 Ba8 16.Bf1 Qb7 17.Qf2 Nd7 18.Kh1 Nc5 19.Nc2 Bf6 20.Qg3 Ne5 21.Bd4 Qe7
22.Ne3 Bh4 23.Qh3 Bf6 24.Rc2 Nc6 25.Nf5 exf5 26.Nd5 Qe6 27.Bxf6 gxf6 28.
exf5 Qe5 29.f4 Qe7 30.Nxe7+ Nxe7 31.Bd3 Kh8 32.Qh4 Nd7 33.Re1 Nc6 34.Re3 
Rg8 35.Rg3 Rxg3 36.Qxg3 Rg8 37.Qe3 Nc5 38.a3 Nxd3 39.Qxd3 Re8 40.Re2 1-0

[Event "32nd WCh U20 Girls"]
[Site "Pune IND"]
[Date "2014.10.06"]
[Round "1.38"]
[White "Samudin, Elina"]
[Black "Sviridova, Vlada"]
[Result "0-1"]
[WhiteElo "1623"]
[BlackElo "2069"]
[EventDate "2014.10.06"]
[PlyCount "58"]

1.e4 e6 2.d4 d5 3.Nd2 c5 4.exd5 Qxd5 5.dxc5 Bxc5 6.Ngf3 Nf6 7.Bc4 Qc6 8.
Qe2 O-O 9.O-O a6 10.a4 Nbd7 11.a5 b5 12.axb6 Bxb6 13.Nb3 Bb7 14.Na5 Bxa5 
15.Rxa5 Rfc8 16.b3 Nb6 17.Bd3 Nbd5 18.Bd2 Rd8 19.Rfa1 Nc7 20.Bg5 Rd5 21.
Bxf6 gxf6 22.Qe4 f5 23.Qh4 Qc3 24.R5a4 Qg7 25.Rc4 Qxa1+ 26.Bf1 Ne8 27.Ng5 
Qg7 28.Qf4 h6 29.Nf3 Rd1 0-1

[Event "32nd WCh U20 Girls"]
[Site "Pune IND"]
[Date "2014.10.06"]
[Round "1.39"]
[White "Varshini, Velavan"]
[Black "Cuvelier, Annelies"]
[Result "1-0"]
[WhiteElo "2040"]
[BlackElo "1619"]
[EventDate "2014.10.06"]
[PlyCount "87"]

1.e4 e5 2.Nf3 Nc6 3.Bc4 Bc5 4.c3 Nf6 5.d4 exd4 6.e5 d5 7.Bb5 Nd7 8.cxd4 
Bb4+ 9.Nc3 Ne7 10.O-O c6 11.Bd3 Ng6 12.Ng5 Ndf8 13.f4 h6 14.Nxf7 Kxf7 15.
f5 Bxf5 16.Bxf5 Kg8 17.Ne2 Be7 18.Ng3 Bg5 19.Bxg6 Nxg6 20.Qh5 Bxc1 21.
Raxc1 Qe8 22.Nf5 Kh7 23.Nd6 Qe6 24.Nf7 Qe7 25.Nxh8 Nxh8 26.Qf5+ g6 27.Qf6 
Re8 28.a3 Qd7 29.Rc3 Qg4 30.Qf4 Qxf4 31.Rxf4 Kg7 32.Rf6 Nf7 33.h4 Re7 34.
Rg3 g5 35.h5 Nd8 36.Rg6+ Kh7 37.Rf3 Ne6 38.Rff6 Nxd4 39.Rxh6+ Kg7 40.Rfg6+
Kf8 41.Rh8+ Kf7 42.Rh7+ Ke8 43.Rxe7+ Kxe7 44.h6 1-0

[Event "32nd WCh U20 Girls"]
[Site "Pune IND"]
[Date "2014.10.07"]
[Round "2.1"]
[White "Gevorgian, Maria"]
[Black "Goryachkina, Alexandra"]
[Result "1/2-1/2"]
[WhiteElo "2160"]
[BlackElo "2430"]
[EventDate "2014.10.06"]
[PlyCount "113"]

1.e4 e5 2.Nf3 Nc6 3.Bb5 Nf6 4.O-O Nxe4 5.Re1 Nd6 6.Nxe5 Be7 7.Bf1 Nxe5 8.
Rxe5 O-O 9.d4 Bf6 10.Re1 Re8 11.c3 Rxe1 12.Qxe1 Qe8 13.Qd1 b6 14.Bf4 Bb7 
15.Nd2 Qe6 16.Be2 Re8 17.Bg4 Qe7 18.Bf3 Bxf3 19.Nxf3 Ne4 20.Qa4 Bh4 21.g3 
Nxf2 22.Re1 Nh3+ 23.Kf1 Qd8 24.Rxe8+ Qxe8 25.Nxh4 g5 26.Bd2 Qe4 27.Qxd7 
Qh1+ 28.Ke2 Qxh2+ 29.Kd1 Qh1+ 30.Kc2 gxh4 31.Qd8+ Kg7 32.Qxh4 Qg2 33.c4 
Ng1 34.Qg5+ Kf8 35.Kb3 Nf3 36.Qd8+ Kg7 37.Bc3 Nd2+ 38.Kb4 Ne4 39.Qxc7 Nxc3
40.Kxc3 a5 41.Qf4 Qg1 42.d5 f6 43.Qg4+ Kf7 44.Kb3 Qe3+ 45.Ka4 Qe8+ 46.Ka3 
Qe7+ 47.Kb3 Qe3+ 48.Kc2 Qf2+ 49.Kd3 Qxb2 50.Qe6+ Kg7 51.d6 Qb1+ 52.Kd4 
Qd1+ 53.Ke4 Qh1+ 54.Kf4 Qf1+ 55.Kg4 Qd1+ 56.Kh4 Qh1+ 57.Kg4 1/2-1/2

[Event "32nd WCh U20 Girls"]
[Site "Pune IND"]
[Date "2014.10.07"]
[Round "2.2"]
[White "Arabidze, Meri"]
[Black "Frayna, Janelle Mae"]
[Result "1-0"]
[WhiteElo "2409"]
[BlackElo "2140"]
[EventDate "2014.10.06"]
[PlyCount "97"]

1.d4 d5 2.c4 c6 3.Nf3 Nf6 4.Nc3 dxc4 5.a4 Bf5 6.Ne5 Nbd7 7.Nxc4 Qc7 8.g3 
e5 9.dxe5 Nxe5 10.Bf4 Nfd7 11.Bg2 g5 12.Ne3 gxf4 13.Nxf5 O-O-O 14.Qc2 Nc5 
15.O-O fxg3 16.hxg3 a5 17.Rfd1 h5 18.Rxd8+ Qxd8 19.Rd1 Qf6 20.Rd4 Kb8 21.
e3 Ne6 22.Rd1 Ng6 23.Bh3 Ng5 24.Kg2 Nxh3 25.Kxh3 Bb4 26.Ne2 h4 27.g4 Re8 
28.b3 Ne5 29.Qe4 Qh8 30.Qf4 Ka8 31.Ned4 Rd8 32.Rh1 Nd3 33.Qf3 Qf6 34.Rd1 
Ne5 35.Qe2 Rg8 36.f3 Ng6 37.Qh2 Ne5 38.Qf2 Rd8 39.Qe2 Ng6 40.Nc2 Re8 41.
Qc4 Ne5 42.Qe4 Qh8 43.Nxb4 axb4 44.Nd6 Re7 45.Qf5 Kb8 46.Qf4 Qd8 47.Rd4 
Ng6 48.Qh2 Ka7 49.Nb5+ 1-0

[Event "32nd WCh U20 Girls"]
[Site "Pune IND"]
[Date "2014.10.07"]
[Round "2.3"]
[White "Pustovoitova, Daria"]
[Black "Zarkovic, Mila"]
[Result "1-0"]
[WhiteElo "2354"]
[BlackElo "2136"]
[EventDate "2014.10.06"]
[PlyCount "75"]

1.d4 Nf6 2.c4 e6 3.Nc3 Bb4 4.Qc2 O-O 5.a3 Bxc3+ 6.Qxc3 b6 7.Bg5 Bb7 8.f3 
h6 9.Bh4 d5 10.e3 Nbd7 11.Nh3 c5 12.cxd5 exd5 13.Bd3 Qe7 14.Bf2 cxd4 15.
Qxd4 Nc5 16.Rd1 Nxd3+ 17.Rxd3 Rac8 18.Rd1 Ba6 19.Qa4 Bc4 20.Nf4 Rfe8 21.
Ne2 b5 22.Qb4 Qxb4+ 23.axb4 Bb3 24.Rd3 Bc4 25.Rd4 Bxe2 26.Kxe2 Rc2+ 27.Rd2
Rc4 28.b3 Rxb4 29.Rd3 Rf4 30.Ra1 Re7 31.Bg3 Rf5 32.Bb8 Re8 33.g4 Rg5 34.h4
Rg6 35.h5 Rxb8 36.hxg6 fxg6 37.Rxa7 h5 38.g5 1-0

[Event "32nd WCh U20 Girls"]
[Site "Pune IND"]
[Date "2014.10.07"]
[Round "2.4"]
[White "Fronda, Jan Jodilyn"]
[Black "Zhai Mo"]
[Result "1/2-1/2"]
[WhiteElo "2127"]
[BlackElo "2339"]
[EventDate "2014.10.06"]
[PlyCount "83"]

1.e4 c5 2.Nf3 d6 3.d4 cxd4 4.Qxd4 a6 5.c4 Nc6 6.Qd2 Bg4 7.Be2 g6 8.b3 Bg7 
9.Bb2 Nf6 10.Nc3 O-O 11.O-O Qa5 12.Rfd1 Rfc8 13.h3 Bxf3 14.Bxf3 Rab8 15.
Nd5 Qxd2 16.Rxd2 Nxd5 17.Bxg7 Kxg7 18.exd5 Ne5 19.Be2 g5 20.a4 a5 21.Bg4 
Rh8 22.Re1 h5 23.Bd1 Rbc8 24.Rd4 Kf8 25.Bc2 Ke8 26.Bf5 Rc5 27.Re3 Rg8 28.
Kf1 Kf8 29.f3 Kg7 30.Bb1 Rcc8 31.h4 g4 32.f4 Nd7 33.Rde4 Nc5 34.Rxe7 Kf6 
35.Bc2 Rb8 36.g3 Rgd8 37.Ke2 Rdc8 38.Kd2 Ra8 39.Kc3 Rab8 40.Kd4 Ra8 41.Re1
Rab8 42.R1e3 1/2-1/2

[Event "32nd WCh U20 Girls"]
[Site "Pune IND"]
[Date "2014.10.07"]
[Round "2.5"]
[White "Padmini, Rout"]
[Black "Ivekovic, Tihana"]
[Result "1-0"]
[WhiteElo "2331"]
[BlackElo "2122"]
[EventDate "2014.10.06"]
[PlyCount "85"]

1.e4 c5 2.Nf3 e6 3.d4 cxd4 4.Nxd4 a6 5.Nc3 Qc7 6.Bd3 Nf6 7.f4 d6 8.O-O Be7
9.Kh1 O-O 10.Qe2 Nbd7 11.g4 b5 12.g5 Ne8 13.a3 Nc5 14.Bd2 Bb7 15.f5 Qd8 
16.Qg4 Nxd3 17.cxd3 exf5 18.Nxf5 d5 19.Bf4 b4 20.axb4 Bxb4 21.Be5 Bxc3 22.
Bxc3 Qb6 23.Nh6+ gxh6 24.Rf6 h5 25.Rxb6 hxg4 26.Rxb7 dxe4 27.Bb4 exd3 28.
Bxf8 Kxf8 29.Rd7 Rb8 30.Rxd3 Rxb2 31.Rd7 Re2 32.Rxa6 Re5 33.Raa7 Rxg5 34.
Rxf7+ Kg8 35.Rfe7 Kf8 36.Rxh7 Kg8 37.Rhe7 Kf8 38.Kg2 Rf5 39.Rh7 Kg8 40.
Rhd7 Kf8 41.Rd4 Rg5 42.Rf4+ Kg8 43.Kg3 1-0

[Event "32nd WCh U20 Girls"]
[Site "Pune IND"]
[Date "2014.10.07"]
[Round "2.6"]
[White "Nguyen Thi Mai Hung"]
[Black "Saranya, J."]
[Result "1-0"]
[WhiteElo "2299"]
[BlackElo "2107"]
[EventDate "2014.10.06"]
[PlyCount "106"]

1.d4 Nf6 2.Nf3 d6 3.Nc3 g6 4.e4 Bg7 5.Bg5 O-O 6.Qd2 Nbd7 7.Bc4 c5 8.O-O 
Nb6 9.Be2 cxd4 10.Nxd4 Bd7 11.Bh6 Rc8 12.Bxg7 Kxg7 13.Rad1 a6 14.f4 Qc7 
15.Nf3 Bc6 16.Qd4 Rfd8 17.Bd3 Kg8 18.e5 dxe5 19.Qxe5 Qxe5 20.Nxe5 e6 21.
Bxa6 Bxg2 22.Kxg2 bxa6 23.Kf3 Nh5 24.Rxd8+ Rxd8 25.Rd1 Rc8 26.Rd4 f6 27.
Rd6 fxe5 28.Rxb6 Nxf4 29.Rxa6 g5 30.Ke4 Rc4+ 31.Kxe5 Kf7 32.Ra7+ Kg6 33.a4
h5 34.a5 h4 35.a6 Rc5+ 36.Kd4 Ra5 37.b4 Ra1 38.b5 g4 39.Ra8 Kg7 40.b6 g3 
41.hxg3 hxg3 42.b7 g2 43.b8=Q g1=Q+ 44.Kc4 Ng6 45.Qa7+ Qxa7 46.Rxa7+ Kf6 
47.Kb5 Ne5 48.Rc7 Nf7 49.Na4 Nd6+ 50.Ka5 Ne8 51.Rd7 e5 52.a7 Ke6 53.Rh7 
Kd5 1-0

[Event "32nd WCh U20 Girls"]
[Site "Pune IND"]
[Date "2014.10.07"]
[Round "2.8"]
[White "Ibrahimova, Sabina"]
[Black "Pratyusha, Bodda"]
[Result "0-1"]
[WhiteElo "2271"]
[BlackElo "2078"]
[EventDate "2014.10.06"]
[PlyCount "110"]

1.e4 e5 2.Nf3 Nc6 3.Bb5 Nf6 4.O-O Nxe4 5.d4 Nd6 6.Bxc6 dxc6 7.dxe5 Nf5 8.
Qxd8+ Kxd8 9.Nc3 Ke8 10.Bf4 h6 11.Ne4 Be6 12.Rad1 Be7 13.b3 b6 14.Rfe1 Rd8
15.h3 Rd7 16.Bc1 h5 17.Bb2 Kd8 18.Neg5 c5 19.Bc1 Nd4 20.Nxd4 cxd4 21.Nxf7+
Bxf7 22.e6 Bxe6 23.Rxe6 c5 24.Bf4 Rf8 25.Be5 Bf6 26.Re1 Bxe5 27.R1xe5 h4 
28.Re4 Rdf7 29.f3 g5 30.b4 Rf5 31.bxc5 bxc5 32.Re7 R8f7 33.Rxf7 Rxf7 34.
Re5 c4 35.Rxg5 d3 36.cxd3 c3 37.Rg8+ Kc7 38.Re8 Rd7 39.Re2 Rxd3 40.Kf2 Kb6
41.g4 hxg3+ 42.Kxg3 Kc5 43.h4 Rd2 44.Re1 c2 45.Rc1 Kd4 46.h5 Kc3 47.h6 Rd6
48.Rh1 Rd1 49.Rh5 c1=Q 50.Rc5+ Kd4 51.Rxc1 Rxc1 52.Kf4 Rf1 53.Kg5 Rxf3 54.
h7 Rh3 55.Kg6 a5 0-1

[Event "32nd WCh U20 Girls"]
[Site "Pune IND"]
[Date "2014.10.07"]
[Round "2.9"]
[White "Imeeva, Aysa"]
[Black "Varga, Klara"]
[Result "1-0"]
[WhiteElo "2077"]
[BlackElo "2232"]
[EventDate "2014.10.06"]
[PlyCount "128"]

1.e4 e5 2.Nf3 Nc6 3.Nc3 Nf6 4.Bb5 Bb4 5.O-O O-O 6.d3 d6 7.Bg5 Bxc3 8.bxc3 
Qe7 9.Re1 Nd8 10.d4 h6 11.Bc1 Bd7 12.Bf1 Bg4 13.d5 Nd7 14.h3 Bh5 15.g4 Bg6
16.Bg2 b6 17.Nd2 Nb7 18.Nf1 Nbc5 19.Ng3 Rac8 20.c4 Rfd8 21.Qf3 c6 22.Bf1 
cxd5 23.cxd5 Nb7 24.Ba6 Ndc5 25.Bb5 a6 26.Bf1 b5 27.Bd2 Na4 28.Rec1 Nb6 
29.Nf5 Bxf5 30.gxf5 Nc4 31.Bxc4 Rxc4 32.Kh2 Qf6 33.Rg1 Rxc2 34.Qd3 Rc4 35.
Rg4 Nc5 36.Qe2 Kh7 37.Rag1 Rg8 38.Qe3 b4 39.Qe2 Rc2 40.Qd1 Rxa2 41.Bxb4 
Rxf2+ 42.Kh1 g6 43.Bxc5 dxc5 44.d6 c4 45.R1g3 Rf4 46.d7 g5 47.Rc3 Rd8 48.
Rxc4 Qb6 49.Rxf4 exf4 50.Rc8 f3 51.Rxd8 Qxd8 52.e5 g4 53.f6 h5 54.Qd3+ Kh6
55.h4 Qa5 56.Qe3+ Kh7 57.Qe4+ Kh8 58.e6 Qa1+ 59.Kh2 Qxf6 60.Kg3 fxe6 61.
Qf4 Qd8 62.Qh6+ Kg8 63.Qg5+ Qxg5 64.hxg5 h4+ 1-0

[Event "32nd WCh U20 Girls"]
[Site "Pune IND"]
[Date "2014.10.07"]
[Round "2.10"]
[White "Petrukhina, Irina"]
[Black "Monnisha, Gajendra Babu Kannaiyan"]
[Result "1-0"]
[WhiteElo "2218"]
[BlackElo "2016"]
[EventDate "2014.10.06"]
[PlyCount "125"]

1.d4 Nf6 2.c4 e6 3.Nf3 d5 4.g3 Bb4+ 5.Bd2 Be7 6.Bg2 O-O 7.Qc2 Nbd7 8.O-O 
c6 9.Rd1 b6 10.b3 Ba6 11.Bf4 Rc8 12.Nc3 Nh5 13.Bc1 f5 14.Bb2 Bd6 15.e3 
Nhf6 16.Ne2 Qe7 17.Nf4 Ne4 18.Nd3 c5 19.dxc5 Ndxc5 20.Nxc5 Rxc5 21.Ba3 Rc7
22.Bxd6 Nxd6 23.Qb2 Bb7 24.Qd4 Ne4 25.Ne5 dxc4 26.Nxc4 Ng5 27.Bxb7 Rxb7 
28.Ne5 Rc7 29.Rac1 Rxc1 30.Rxc1 Qb7 31.Qc4 Re8 32.Qc7 Qd5 33.h4 Qxe5 34.
hxg5 Qxc7 35.Rxc7 a5 36.Rb7 a4 37.Rxb6 axb3 38.axb3 Kf7 39.f4 Rc8 40.Kf2 
Rc2+ 41.Kf3 Rc3 42.Rb7+ Kf8 43.Ke2 Rc2+ 44.Kd3 Rg2 45.Kd4 Rxg3 46.b4 Rg1 
47.b5 Rb1 48.Ke5 Re1 49.Kxe6 Rxe3+ 50.Kxf5 Re1 51.b6 Rb1 52.Ke6 Re1+ 53.
Kd6 Rd1+ 54.Kc7 Rd4 55.Rb8+ Kf7 56.Rh8 Rc4+ 57.Kd6 Rb4 58.Kc6 Rxf4 59.b7 
Rc4+ 60.Kd5 Rb4 61.b8=Q Rxb8 62.Rxb8 Kg6 63.Rb7 1-0

[Event "32nd WCh U20 Girls"]
[Site "Pune IND"]
[Date "2014.10.07"]
[Round "2.11"]
[White "Chumpitaz Carbajal, Ann"]
[Black "Sviridova, Vlada"]
[Result "1/2-1/2"]
[WhiteElo "2201"]
[BlackElo "2069"]
[EventDate "2014.10.06"]
[PlyCount "134"]

1.e4 c5 2.Nf3 Nc6 3.Nc3 d6 4.g3 Nf6 5.Bg2 g6 6.O-O Bg7 7.d3 O-O 8.h3 Rb8 
9.Be3 b5 10.Qd2 Re8 11.Rfe1 b4 12.Nd5 Nxd5 13.exd5 Ne5 14.Nxe5 Bxe5 15.
Bxc5 Bxb2 16.Bxb4 Bxa1 17.Rxa1 e5 18.dxe6 fxe6 19.d4 Bb7 20.d5 Qb6 21.a3 
Rbc8 22.Re1 e5 23.Re4 Rf8 24.a4 a5 25.Bxa5 Qb1+ 26.Re1 Qxc2 27.Qxc2 Rxc2 
28.Bb6 Rd2 29.Be3 Rd3 30.a5 Ra8 31.Be4 Rb3 32.Bb6 Rc8 33.Ra1 Ba6 34.h4 Kg7
35.Bg2 Kf6 36.Be3 Kg7 37.Bg5 Kf7 38.Bh3 Rc2 39.Be6+ Ke8 40.Bg8 Kf8 41.Be6 
h5 42.Bh6+ Ke8 43.Be3 Rcb2 44.Ra4 Bb5 45.Re4 Rb4 46.Rxb4 Rxb4 47.Kg2 Bd7 
48.Bxd7+ Kxd7 49.a6 Ra4 50.a7 Kc7 51.f4 exf4 52.gxf4 Kd7 53.Kf3 Ke7 54.Bd4
Kd7 55.Ke4 Kc7 56.f5 gxf5+ 57.Kxf5 Kb7 58.Bf2 Rg4 59.Ke6 Rg6+ 60.Kd7 Rf6 
61.Be3 Rf3 62.Bg5 Kxa7 63.Kxd6 Kb7 64.Ke6 Rd3 65.d6 Kc6 66.Be7 Rd4 67.Kf5 
Rxh4 1/2-1/2

[Event "32nd WCh U20 Girls"]
[Site "Pune IND"]
[Date "2014.10.07"]
[Round "2.12"]
[White "Madhurima, Shekhar"]
[Black "Khaled, Mouna"]
[Result "0-1"]
[WhiteElo "2000"]
[BlackElo "2191"]
[EventDate "2014.10.06"]
[PlyCount "78"]

1.e4 e6 2.d4 d5 3.Nc3 Bb4 4.e5 c5 5.Bd2 Ne7 6.Nb5 Bxd2+ 7.Qxd2 O-O 8.f4 
Nf5 9.dxc5 Nd7 10.Nf3 Nxc5 11.Bd3 Qb6 12.O-O-O Bd7 13.Nbd4 Rac8 14.g4 Na4 
15.c3 Ne3 16.Rde1 Nc4 17.Bxc4 Rxc4 18.Nb3 Rfc8 19.Kb1 a5 20.Ka1 Qa6 21.
Nbd4 Nc5 22.b3 Ne4 23.Rxe4 dxe4 24.bxc4 exf3 25.f5 Qxc4 26.Rc1 Qd5 27.Qf4 
Bc6 28.Re1 Qc4 29.Rc1 Bd5 30.Rc2 Qd3 31.Kb2 Rc4 32.Qg5 Rc8 33.Qe7 f2 34.
Qd7 Qc4 35.Qxc8+ Qxc8 36.Rxf2 Qc4 37.fxe6 Qxa2+ 38.Kc1 Qxf2 39.e7 Qe1+ 0-1

[Event "32nd WCh U20 Girls"]
[Site "Pune IND"]
[Date "2014.10.07"]
[Round "2.13"]
[White "Nandhidhaa, P. V."]
[Black "Varshini, Velavan"]
[Result "1-0"]
[WhiteElo "2144"]
[BlackElo "2040"]
[EventDate "2014.10.06"]
[PlyCount "59"]

1.e4 c5 2.Nf3 d6 3.d4 cxd4 4.Nxd4 Nf6 5.Nc3 a6 6.Be3 e6 7.Be2 Be7 8.O-O 
Qc7 9.f4 Nbd7 10.Bf3 O-O 11.Kh1 Nb6 12.Bg1 Rd8 13.Qe1 d5 14.e5 Nfd7 15.a4 
Bf8 16.a5 Nc4 17.b3 Na3 18.Na4 Nb5 19.Nb6 Rb8 20.c4 Nxd4 21.Bxd4 dxc4 22.
Rc1 Nxb6 23.Bxb6 Qe7 24.Bxd8 Qxd8 25.Rxc4 Bd7 26.Qc3 b5 27.Rd4 Qc8 28.Qxc8
Bxc8 29.Rd8 g6 30.Rc1 1-0

[Event "32nd WCh U20 Girls"]
[Site "Pune IND"]
[Date "2014.10.07"]
[Round "2.14"]
[White "Mahasweta, Kumar"]
[Black "Furtado, Ivana Maria"]
[Result "0-1"]
[WhiteElo "1847"]
[BlackElo "2165"]
[EventDate "2014.10.06"]
[PlyCount "46"]

1.e4 e5 2.Nf3 Nc6 3.Bb5 a6 4.Ba4 Nf6 5.O-O Be7 6.c3 Nxe4 7.Qe2 Nc5 8.Bxc6 
dxc6 9.Nxe5 O-O 10.d4 Ne6 11.f4 Re8 12.f5 Nxd4 13.Qc4 Nc2 14.Qxf7+ Kh8 15.
Qb3 Bc5+ 16.Kh1 Rxe5 17.Qxc2 Bxf5 18.Qb3 Bd3 19.Rd1 Qh4 20.Bd2 Rae8 21.Na3
Rh5 22.h3 Qg3 23.Bf4 Rxh3+ 0-1

[Event "32nd WCh U20 Girls"]
[Site "Pune IND"]
[Date "2014.10.07"]
[Round "2.15"]
[White "Bala Kannamma, P."]
[Black "Khademalsharieh, Sarasadat"]
[Result "0-1"]
[WhiteElo "2023"]
[BlackElo "2366"]
[EventDate "2014.10.06"]
[PlyCount "36"]

1.e4 e5 2.Nf3 Nc6 3.Bb5 a6 4.Ba4 Nge7 5.O-O g6 6.c3 Bg7 7.d4 exd4 8.cxd4 
b5 9.Bb3 d6 10.h3 O-O 11.Nc3 Na5 12.Bc2 Bb7 13.Bf4 Rc8 14.Rc1 c5 15.Bb1 
cxd4 16.Ne2 Rxc1 17.Bxc1 d5 18.e5 Nc4 0-1

[Event "32nd WCh U20 Girls"]
[Site "Pune IND"]
[Date "2014.10.07"]
[Round "2.16"]
[White "Gu Tianlu"]
[Black "Ni Shiqun"]
[Result "1/2-1/2"]
[WhiteElo "2055"]
[BlackElo "2312"]
[EventDate "2014.10.06"]
[PlyCount "120"]

1.Nf3 Nf6 2.c4 g6 3.Nc3 d5 4.cxd5 Nxd5 5.g3 c5 6.Bg2 Nc6 7.O-O Bg7 8.Nxd5 
Qxd5 9.d3 Qd6 10.Nd2 b6 11.Nc4 Qd7 12.Bf4 Bb7 13.Qa4 Rd8 14.Rfe1 O-O 15.
Rac1 Ba8 16.a3 e5 17.Bg5 Rb8 18.Qb5 Qe6 19.Qa6 b5 20.Bxc6 bxc4 21.Bb5 Rb6 
22.Qa4 cxd3 23.Rxc5 dxe2 24.Bxe2 Rxb2 25.Qg4 Qb6 26.Be3 Qb7 27.f3 Rd8 28.
Qc4 Rb1 29.Rxb1 Qxb1+ 30.Kg2 e4 31.f4 Bf8 32.Rc8 Rxc8 33.Qxc8 Bb7 34.Qb8 
Qc2 35.Kf1 Bc8 36.Qxa7 Bh3+ 37.Ke1 Qb1+ 38.Kf2 Qh1 39.Qb8 Qxh2+ 40.Ke1 
Qxg3+ 41.Kd2 g5 42.a4 gxf4 43.Qxf4 Bb4+ 44.Kc2 Qxf4 45.Bxf4 Bd7 46.Bb5 
Bxb5 47.axb5 Ba5 48.Be3 h5 49.b6 h4 50.b7 Bc7 51.Ba7 Kg7 52.b8=Q Bxb8 53.
Bxb8 Kg6 54.Kd2 Kg5 55.Ke3 f5 56.Be5 Kg4 57.Bd6 Kh3 58.Kf2 Kg4 59.Ke3 Kh3 
60.Kf2 Kg4 1/2-1/2

[Event "32nd WCh U20 Girls"]
[Site "Pune IND"]
[Date "2014.10.07"]
[Round "2.17"]
[White "Iwanow, Anna"]
[Black "Vantika, Agrawal"]
[Result "1-0"]
[WhiteElo "2279"]
[BlackElo "1842"]
[EventDate "2014.10.06"]
[PlyCount "55"]

1.e4 c5 2.Nf3 Nc6 3.Bb5 g6 4.c3 a6 5.Bxc6 dxc6 6.d3 Nf6 7.Be3 b6 8.h3 Bg7 
9.Na3 O-O 10.Qd2 a5 11.O-O Ba6 12.Rad1 Qc7 13.Bf4 Qd7 14.Bh6 Qe6 15.Bxg7 
Kxg7 16.Ng5 Qd7 17.f4 h6 18.Nf3 Rad8 19.Qe3 Qe6 20.c4 Qc8 21.f5 Ne8 22.Nc2
Qd7 23.fxg6 fxg6 24.Ne5 Rxf1+ 25.Rxf1 Qd6 26.Rf7+ Kg8 27.Qxh6 Qxe5 28.Qh7#
1-0

[Event "32nd WCh U20 Girls"]
[Site "Pune IND"]
[Date "2014.10.07"]
[Round "2.18"]
[White "Munoz, Claudia"]
[Black "Kurbonboeva, Sarvinoz"]
[Result "1-0"]
[WhiteElo "1906"]
[BlackElo "2212"]
[EventDate "2014.10.06"]
[PlyCount "67"]

1.d4 Nf6 2.c4 g6 3.Nc3 Bg7 4.e4 d6 5.f4 O-O 6.Nf3 c5 7.d5 e6 8.Bd3 exd5 9.
cxd5 Re8 10.O-O c4 11.Bc2 Nbd7 12.Be3 b5 13.a3 a6 14.Qd2 Qc7 15.Rae1 Bb7 
16.Bf2 Nc5 17.e5 Ng4 18.Bg3 Rad8 19.h3 Nh6 20.Bh4 Rb8 21.Bf6 Qd7 22.Bxg7 
Kxg7 23.f5 Ng8 24.f6+ Kh8 25.e6 fxe6 26.Ng5 e5 27.f7 Rf8 28.fxg8=Q+ Kxg8 
29.Nce4 Nxe4 30.Bxe4 Rxf1+ 31.Rxf1 Re8 32.Qf2 Bc8 33.Qh4 Re7 34.Ne6 1-0